000
00289 a2200145 4500
001
174851
020
_a
040
_c
Magnum
100
_a
La Fontaine
240
1
0
_a
A pomba e a formiga
_l
por
245
1
0
_a
A pomba e a formiga
362
0
_a
1899
697
_a
IJ/FABULAS
942
_c
BK
999
_c
174851
_d
174851